[Event "FIDE World Rapid Team"]
[Site "London ENG"]
[Date "2025.06.13"]
[Round "12.58"]
[White "Saduakassova, Dinara"]
[Black "Waldhausen Gordon, Frederick"]
[Result "1/2-1/2"]
[WhiteElo "2449"]
[BlackElo "2153"]
[EventDate "2025.06.11"]

1. d4 Nf6 2. Bf4 e6 3. Nf3 b6 4. h3 Bb7 5. e3 Be7 6. Bd3 c5 7. c3 Nc6 8.
O-O O-O 9. Qe2 d6 10. Nbd2 Rc8 11. Rfd1 Qc7 12. Bh2 Rfd8 13. Rac1 Qb8 14.
e4 cxd4 15. cxd4 Nb4 16. Bb1 Rxc1 17. Rxc1 Rc8 18. Qd1 Rxc1 19. Qxc1 Qc8
20. Qxc8+ Bxc8 21. a3 Nc6 22. Nc4 d5 23. exd5 Nxd5 24. Be4 Bd7 25. Nfe5
Nxe5 26. Bxe5 Bb5 27. Nd6 Bxd6 28. Bxd6 Bc4 29. Bc2 f5 30. Bb8 a6 31. Be5
Kf7 32. g4 g6 33. Kg2 h6 34. Kg3 b5 35. h4 Be2 36. gxf5 1/2-1/2

[Event "FIDE World Rapid Team"]
[Site "London ENG"]
[Date "2025.06.13"]
[Round "12.59"]
[White "Jaufarally, Nadia"]
[Black "Cieslak, Patryk"]
[Result "0-1"]
[WhiteElo "1901"]
[BlackElo "2220"]
[EventDate "2025.06.11"]

1. e4 g6 2. d4 Bg7 3. Nc3 c6 4. f4 d5 5. e5 h5 6. h3 Nh6 7. Nf3 Nf5 8. Bd3
Ng3 9. Rg1 Qb6 10. Qd2 h4 11. b3 Na6 12. Ba3 Nb4 13. Bxb4 Qxb4 14. Ne2 Qb6
15. Nxg3 hxg3 16. O-O-O e6 17. Qe1 a5 18. a4 Bf8 19. Qxg3 Qb4 20. Rdf1 b5
21. axb5 cxb5 22. Qe1 Qa3+ 23. Kb1 Bd7 24. Qc1 Qb4 25. Qd2 Qa3 26. Qc1 Qe7
27. c3 Qd8 28. Rf2 Qb6 29. Ra2 Rc8 30. Rc2 Be7 31. Rf1 Bc6 32. Rff2 Kd7 33.
Ng5 Rhf8 34. Nh7 Rh8 35. Ng5 Rcf8 36. Nf3 Bb7 37. Qf1 Ba6 38. g4 Rc8 39. f5
gxf5 40. gxf5 Rcg8 41. f6 Bf8 42. Rg2 Rxg2 43. Qxg2 b4 44. Bxa6 Qxa6 45.
cxb4 Qd3 46. Kb2 a4 47. bxa4 Bxb4 48. Qe2 Qa3+ 49. Kb1 Rb8 50. Rb2 Qxa4 51.
Qc2 Qb5 52. Qe2 Qa5 53. Qc2 Bc3 54. Qxc3 Qxc3 55. Rxb8 Qxf3 56. Rb7+ Kc6
57. Rxf7 Qd1+ 58. Ka2 Qxd4 59. Re7 Qxe5 60. f7 Qh2+ 61. Kb1 Qb8+ 62. Ka2
Kd6 63. Re8 Qa7+ 0-1

[Event "FIDE World Rapid Team"]
[Site "London ENG"]
[Date "2025.06.13"]
[Round "12.60"]
[White "Smolinski, Wojciech"]
[Black "Camp, Imogen A L"]
[Result "1-0"]
[WhiteElo "1929"]
[BlackElo "1805"]
[EventDate "2025.06.11"]

1. e4 e5 2. Nf3 Nc6 3. Bc4 Bc5 4. c3 Nf6 5. d3 a5 6. Bg5 d6 7. Nbd2 h6 8.
Bh4 g5 9. Bg3 Bg4 10. Qb3 Qd7 11. a4 Nd8 12. O-O Be6 13. d4 Bxc4 14. Qxc4
exd4 15. cxd4 Bb4 16. e5 d5 17. Qe2 Nh5 18. h4 Nxg3 19. fxg3 Qg4 20. Qf2
gxh4 21. Nxh4 Bxd2 22. Qxd2 Qxg3 23. Nf5 Qg5 24. Qc3 Ne6 25. Qb3 O-O-O 26.
Nd6+ Rxd6 27. exd6 Rg8 28. Qh3 1-0

[Event "FIDE World Rapid Team"]
[Site "London ENG"]
[Date "2025.06.13"]
[Round "12.1"]
[White "Amartuvshin, Ganzorig"]
[Black "Hong, Andrew"]
[Result "0-1"]
[WhiteElo "2356"]
[BlackElo "2547"]
[EventDate "2025.06.11"]
[Board "1"]

1. d4 Nf6 2. c4 e6 3. Nf3 d5 4. Nc3 Bb4 5. Qa4+ Nc6 6. e3 O-O 7. Qc2 b6 8.
Bd2 Bb7 9. a3 Bd6 10. cxd5 exd5 11. Bd3 a6 12. h3 Re8 13. O-O Ne7 14. b4
Ng6 15. b5 a5 16. a4 Ne4 17. Bc1 Bb4 18. Ne2 Qd6 19. Qb3 Ne7 20. Ba3 c5 21.
bxc6 Nxc6 22. Bb5 Rec8 23. Bxc6 Bxc6 24. Bxb4 Qxb4 25. Qd3 Bxa4 26. Rfb1
Bc2 27. Qxc2 Rxc2 28. Rxb4 Rxe2 29. Rxb6 f6 30. Ra4 Rxf2 31. Rb5 Rc8 32.
Raxa5 Rc1+ 33. Kh2 Rff1 34. Ra8+ Kf7 35. Rb7+ Kg6 36. Nh4+ Kh5 37. g3 Rh1+
38. Kg2 Rcg1+ 39. Kf3 Rxg3+ 0-1

[Event "FIDE World Rapid Team"]
[Site "London ENG"]
[Date "2025.06.13"]
[Round "12.1"]
[White "Short, Nigel D"]
[Black "Amilal, Munkhdalai"]
[Result "1-0"]
[WhiteElo "2533"]
[BlackElo "2341"]
[EventDate "2025.06.11"]
[Board "2"]

1. e4 c5 2. Nf3 Nc6 3. d4 cxd4 4. Nxd4 Qc7 5. Nc3 e6 6. Be2 a6 7. Nxc6 bxc6
8. Qd3 d5 9. Qg3 Qxg3 10. hxg3 Nf6 11. g4 Bb4 12. Bd2 d4 13. g5 Nd7 14. Na4
Bxd2+ 15. Kxd2 c5 16. b3 Bb7 17. f3 Ke7 18. Rh5 Bc6 19. Nb2 f6 20. gxf6+
Kxf6 21. Rah1 h6 22. a4 Rhc8 23. Nc4 Rc7 24. g4 Rg8 25. Bd3 Ba8 26. R1h2
Rf8 27. Ke2 Rg8 28. f4 Ke7 29. g5 hxg5 30. Rxg5 Nf6 31. Kf3 Bb7 32. Ne5 Kf8
33. Ng4 Nxg4 34. Kxg4 Ke7 35. Rhh5 Kd6 36. Rg6 Bc8 37. Bc4 Ke7 38. Rhg5 Kd8
39. Bxe6 Bxe6+ 40. Rxe6 Rh8 41. Rxa6 Rh2 42. Ra8+ Kd7 43. Rxg7+ Kc6 44.
Ra6+ Kb7 45. Rxc7+ Kxc7 46. e5 Rxc2 47. f5 Rg2+ 48. Kf3 Rb2 49. f6 Rxb3+
50. Kg4 Rb1 51. f7 Rf1 52. Rf6 1-0

[Event "FIDE World Rapid Team"]
[Site "London ENG"]
[Date "2025.06.13"]
[Round "12.1"]
[White "Munkhzul, Turmunkh"]
[Black "Bologan, Victor"]
[Result "0-1"]
[WhiteElo "2357"]
[BlackElo "2501"]
[EventDate "2025.06.11"]
[Board "3"]

1. e4 g6 2. d4 Bg7 3. Nc3 c6 4. Nf3 d6 5. a4 Nf6 6. Be2 O-O 7. O-O Nbd7 8.
Re1 e5 9. h3 Re8 10. dxe5 dxe5 11. Be3 Qe7 12. Nd2 Nc5 13. b4 Ne6 14. Rb1
Rd8 15. Qc1 Nd4 16. Bf1 Nh5 17. Nd1 Ne6 18. b5 f5 19. exf5 gxf5 20. f3 Nef4
21. Nc4 Qg5 22. Nf2 Be6 23. Bxf4 Nxf4 24. Nxe5 Rd2 25. Rb4 Bxe5 26. Rxe5
Nxh3+ 27. Nxh3 Rxg2+ 28. Bxg2 Qxc1+ 29. Kh2 Qd2 30. Rb1 Qxc2 31. Rbe1 Bd5
32. R1e2 Qxa4 33. bxc6 Bxc6 34. Rxf5 Rf8 35. Rg5+ Kh8 36. Re7 Qd4 37. f4
Bxg2 38. Rxg2 b5 39. Ng5 Qxf4+ 40. Rg3 Qf2+ 41. Rg2 Qh4+ 42. Kg1 Qd4+ 0-1

[Event "FIDE World Rapid Team"]
[Site "London ENG"]
[Date "2025.06.13"]
[Round "12.1"]
[White "Al-Mudahka, Mohd"]
[Black "Gan-Od, Sereenen"]
[Result "1/2-1/2"]
[WhiteElo "2479"]
[BlackElo "2294"]
[EventDate "2025.06.11"]
[Board "4"]

1. e4 c6 2. d4 d5 3. exd5 cxd5 4. c3 Nc6 5. Bf4 Nf6 6. Bd3 g6 7. h3 Bf5 8.
Bxf5 gxf5 9. Nf3 Rg8 10. g3 e6 11. Qb3 Qb6 12. Qxb6 axb6 13. Nbd2 b5 14.
Ke2 Ne4 15. Rhg1 h5 16. Ne5 Nxe5 17. Bxe5 Nxd2 18. Kxd2 Bh6+ 19. Kc2 Ke7
20. a3 Rg6 21. Kb3 Kd7 22. Rge1 Ra4 23. Re2 Bf8 24. Rae1 Be7 25. h4 Rg4 26.
Re3 Ra8 27. R3e2 Rag8 28. Re3 Re4 29. f3 Rxe3 30. Rxe3 Bf8 31. Bf4 Bg7 32.
Re2 Kc6 33. Re3 Re8 34. Re2 f6 35. Rg2 e5 36. Be3 Rg8 37. Rg1 Bf8 38. Kc2
Bd6 39. Bf2 e4 40. f4 Kb6 41. Be3 Ka5 42. Rg2 Rc8 43. Kb3 Rg8 44. Rg1 Kb6
45. Rg2 Kc6 46. Rg1 Bc7 47. Rg2 Ra8 48. Rg1 Bd6 49. Rg2 Kb6 50. Rg1 Kc6 51.
Rg2 Bc7 52. Rg1 Bd8 53. Rg2 Be7 54. Rg1 Bd6 55. Rg2 Kd7 56. Rg1 Rg8 57. Rg2
b6 58. Rg1 Rc8 59. Rg2 Rc4 60. Rg1 Rc8 61. Rg2 Ra8 62. Rg1 Ra7 63. Rg2 b4
64. axb4 b5 65. Rg1 Kc6 66. Kc2 Ra8 67. Kb1 Kb6 68. Rg2 Kb7 69. Rg1 Kb6 70.
b3 Kb7 71. Kb2 Rg8 72. Bf2 Rg4 73. Be3 Rg8 74. Rg2 Rg7 75. Rg1 Rg8 76. Rg2
Rg7 77. Rg1 Rg8 78. Rg2 1/2-1/2

[Event "FIDE World Rapid Team"]
[Site "London ENG"]
[Date "2025.06.13"]
[Round "12.1"]
[White "Uuriintuya, Uurtsaikh"]
[Black "Zhu, Chen"]
[Result "1-0"]
[WhiteElo "2239"]
[BlackElo "2312"]
[EventDate "2025.06.11"]
[Board "5"]

1. e4 d6 2. d4 Nf6 3. Nc3 e5 4. Nf3 Nbd7 5. Bc4 Be7 6. O-O O-O 7. a4 c6 8.
Ba2 h6 9. Re1 Re8 10. h3 Qc7 11. Be3 Nf8 12. d5 Ng6 13. a5 c5 14. Bc4 a6
15. Bd3 Bd8 16. Nd2 Qe7 17. Nc4 Bd7 18. b3 Rf8 19. Na4 Ne8 20. Nab6 Bxb6
21. Nxb6 Rd8 22. b4 cxb4 23. Rb1 Nh4 24. Rxb4 f5 25. Nxd7 Rxd7 26. exf5
Nxf5 27. Bb6 Qf6 28. Qg4 Rdf7 29. f4 Nd4 30. Bxd4 exd4 31. f5 Rc7 32. Rxd4
Qf7 33. Qf4 Rc5 34. Qd2 Qc7 35. Rde4 Nf6 36. Re7 Qxa5 37. Qxa5 Rxa5 38.
Rxb7 Nxd5 39. Re6 Rd8 40. Rg6 Kf8 41. Rgxg7 Nf4 42. Rh7 Kg8 43. Rbg7+ Kf8
44. f6 1-0

[Event "FIDE World Rapid Team"]
[Site "London ENG"]
[Date "2025.06.13"]
[Round "12.1"]
[White "Zaiarski, Stepan"]
[Black "Han, Qixuan"]
[Result "1/2-1/2"]
[WhiteElo "1764"]
[BlackElo "1831"]
[EventDate "2025.06.11"]
[Board "6"]

1. d4 d5 2. c4 c6 3. g3 Nf6 4. Bg2 dxc4 5. Nf3 Bf5 6. Ne5 Bxb1 7. Rxb1 Qa5+
8. Bd2 Qxa2 9. O-O e6 10. Qc1 Be7 11. Nxc4 Nbd7 12. Na5 Qa4 13. Nxb7 Qxd4
14. Be3 Qg4 15. Qxc6 O-O 16. Rfd1 Rac8 17. Qa6 Nc5 18. Nxc5 Bxc5 19. Bxc5
Rxc5 20. Qxa7 Rc2 21. Bf3 Qh3 22. b4 Ng4 23. Bxg4 Qxg4 24. b5 Qxe2 25. Rf1
Ra2 26. Qe7 Rb8 27. Qc7 Rf8 28. b6 Raa8 29. b7 Rab8 30. Rfc1 Qa6 31. Rc5 h6
32. Rb6 Qa7 33. Rcb5 Qa4 34. h4 Qa1+ 35. Rb1 Qa5 36. Qc6 Qa2 37. h5 Kh7 38.
R6b2 Qa5 39. Qc2+ Kg8 40. Rb5 Qa6 41. g4 Qa3 42. Kg2 Qa6 43. Qc3 Qd6 44.
R1b2 Qf4 45. Qf3 Qxf3+ 46. Kxf3 Rfd8 47. Ke4 Rd7 48. f4 f6 49. Rb6 Kf7 50.
f5 e5 51. R2b4 Ke7 52. Re6+ Kf7 53. Reb6 Ke7 54. Re6+ Kf7 1/2-1/2

[Event "FIDE World Rapid Team"]
[Site "London ENG"]
[Date "2025.06.13"]
[Round "12.2"]
[White "D`costa, Lorin"]
[Black "Dudin, Gleb"]
[Result "1-0"]
[WhiteElo "2378"]
[BlackElo "2454"]
[EventDate "2025.06.11"]
[Board "1"]

1. d4 Nf6 2. Nf3 d5 3. c4 e6 4. Nc3 Nbd7 5. cxd5 exd5 6. Bg5 c6 7. e3 h6 8.
Bh4 g5 9. Bg3 Nh5 10. Bd3 Nxg3 11. hxg3 Bg7 12. Qc2 Nb6 13. O-O-O Be6 14.
Kb1 Qe7 15. Rc1 O-O-O 16. Na4 Nxa4 17. Qxa4 Kb8 18. Rc3 Bc8 19. Rhc1 Rd7
20. Ra3 a6 21. Rb3 Ka8 22. Qa5 Qd8 23. Qa4 Rc7 24. Rbc3 Re8 25. Nd2 Bf8 26.
Nb3 Bd7 27. Nc5 Bxc5 28. dxc5 Qf6 29. Qa5 Qd8 30. Ra3 Bc8 31. Qb4 Rce7 32.
Rb3 Qc7 33. Qd4 Re5 34. Ka1 Qa5 35. Bf1 Re4 36. Qd3 Rb4 37. Rxb4 Qxb4 38.
a3 Qa5 39. b4 Qd8 40. Qc3 Bf5 41. Kb2 h5 42. Rd1 h4 43. gxh4 gxh4 44. a4
Be4 45. b5 Qc7 46. Rd4 Rg8 47. bxa6 bxa6 48. f3 h3 49. gxh3 Bxf3 50. Bxa6
Be4 51. Rb4 Qa5 52. Bb7+ Ka7 53. Bxc6 Rb8 54. Rxb8 Qxc3+ 55. Kxc3 Kxb8 56.
Kd4 1-0

[Event "FIDE World Rapid Team"]
[Site "London ENG"]
[Date "2025.06.13"]
[Round "12.2"]
[White "Shabalov, Alexander"]
[Black "Wu, Li"]
[Result "0-1"]
[WhiteElo "2526"]
[BlackElo "2270"]
[EventDate "2025.06.11"]
[Board "2"]

1. e4 c5 2. Nf3 g6 3. d4 cxd4 4. Nxd4 Bg7 5. c4 Nc6 6. Be3 Qb6 7. Nb5 Qa5+
8. N5c3 d6 9. Be2 Qb4 10. Qc1 Bd4 11. Bd2 Nf6 12. O-O Bg4 13. Bxg4 Nxg4 14.
Na3 Qc5 15. Nd1 Qe5 16. Bf4 Qxe4 17. Nb5 O-O 18. Nxd4 Qxd4 19. b3 Nce5 20.
Bg3 Nd3 21. Qc3 Qxc3 22. Nxc3 Nb4 23. Rad1 f6 24. Rfe1 Kf7 25. a3 Nc6 26.
f3 Nh6 27. Nd5 Rac8 28. Bf2 Nf5 29. g4 Ng7 30. Kg2 b6 31. Re3 g5 32. a4 Ne6
33. a5 bxa5 34. Rde1 Ne5 35. Ra1 Ra8 36. Rxa5 Rfb8 37. Rc3 Rb7 38. b4 Nc7
39. Nxc7 Rxc7 40. c5 Rb8 41. Ra4 Rb5 42. Rca3 dxc5 43. Bxc5 Nc6 44. Re3 e5
45. Re2 Rcb7 46. Rd2 a5 47. Rd6 Nxb4 48. Bxb4 axb4 49. Raa6 Kg7 50. Ra2 b3
51. Rb2 Rc7 52. Rdd2 Rc3 53. Kf2 Kg6 54. Kg2 h5 55. h3 Rbc5 56. Rf2 Rd5 57.
Rfe2 Rdd3 58. Rf2 h4 59. Rbe2 Kf7 60. Re4 Rd4 61. Re1 Rc2 62. Rb1 Rdd2 0-1

[Event "FIDE World Rapid Team"]
[Site "London ENG"]
[Date "2025.06.13"]
[Round "12.2"]
[White "Cumming, Rhys"]
[Black "Mesropov, Konstantin"]
[Result "1-0"]
[WhiteElo "2223"]
[BlackElo "2473"]
[EventDate "2025.06.11"]
[Board "3"]

1. e4 e6 2. d4 d5 3. Nd2 Nf6 4. e5 Nfd7 5. c3 c5 6. Bd3 Nc6 7. Ne2 cxd4 8.
cxd4 f6 9. exf6 Nxf6 10. O-O Bd6 11. Nf3 Qc7 12. Nc3 a6 13. Bd2 O-O 14. Rc1
Bd7 15. Re1 Rae8 16. Na4 Qd8 17. Nc5 Bxc5 18. Rxc5 Qb6 19. b4 Ne4 20. Rxe4
dxe4 21. Bxe4 g6 22. a3 Ne7 23. Ne5 Bc6 24. Bxc6 Nxc6 25. Nd7 Qd8 26. Nxf8
Rxf8 27. Be3 Rf7 28. Qg4 Qf6 29. h4 Rd7 30. d5 Rxd5 31. Rxd5 exd5 32. Qc8+
Kf7 33. Qxb7+ Ke8 34. Qxa6 Qa1+ 35. Kh2 Qe5+ 36. g3 Ne7 37. Bc5 d4 38. Qb5+
Kf8 39. Qd7 1-0

[Event "FIDE World Rapid Team"]
[Site "London ENG"]
[Date "2025.06.13"]
[Round "12.2"]
[White "Reprintsev, Alexander"]
[Black "Navrotescu, Andreea"]
[Result "1-0"]
[WhiteElo "2299"]
[BlackElo "2195"]
[EventDate "2025.06.11"]
[Board "4"]

1. e4 c5 2. b3 g6 3. Bb2 Nf6 4. Nc3 Bg7 5. e5 Ng8 6. f4 Nc6 7. Nf3 a6 8.
Qe2 h5 9. O-O-O Nh6 10. Ne4 b6 11. Nf6+ Kf8 12. Nd5 Nf5 13. Qf2 Bb7 14. Ne3
Nxe3 15. dxe3 d5 16. c4 e6 17. cxd5 exd5 18. Bc4 Ne7 19. e4 dxc4 20. Rxd8+
Rxd8 21. Ng5 Nc6 22. Rd1 Ke7 23. Rd6 Rhe8 24. Qh4 Kf8 25. Nh7+ Kg8 26. Nf6+
Kf8 27. Nxe8 Rxe8 28. bxc4 Na5 29. Rxb6 Bxe4 30. Qe1 Nxc4 31. Qxe4 Nxb6 32.
Qc6 Nc8 33. Ba3 Rd8 34. Bxc5+ Ne7 35. Qxa6 Ke8 36. Qb5+ Rd7 37. a4 Nc8 38.
a5 Kd8 39. a6 g5 40. Bb6+ Ke8 41. f5 g4 42. e6 1-0

[Event "FIDE World Rapid Team"]
[Site "London ENG"]
[Date "2025.06.13"]
[Round "12.2"]
[White "Tsaknakis, Zisis"]
[Black "Zatonskih, Anna"]
[Result "1-0"]
[WhiteElo "2130"]
[BlackElo "2255"]
[EventDate "2025.06.11"]
[Board "5"]

1. e4 e6 2. d4 d5 3. e5 c5 4. c3 Qb6 5. Nf3 Bd7 6. Be2 cxd4 7. cxd4 Bb5 8.
Nc3 Bxe2 9. Nxe2 Bb4+ 10. Kf1 Nc6 11. h4 h5 12. Nf4 g6 13. Nd3 Be7 14. Rh3
Nh6 15. Bxh6 Rxh6 16. Qd2 Rh8 17. Qf4 Rf8 18. Kg1 O-O-O 19. Rc1 Kb8 20. b3
Qa6 21. Qd2 Qa5 22. Qe2 Rc8 23. Nc5 Rfd8 24. Na4 Rc7 25. Rd1 Rdc8 26. Ne1
Nb4 27. Qd2 Qb5 28. Nc3 Qa6 29. a4 Rd7 30. Nb5 Nc6 31. Rf3 Bb4 32. Qh6 Bf8
33. Qh7 Nd8 34. Qg8 Be7 35. Nd3 Qb6 36. Nc5 Bxc5 37. dxc5 Qxc5 38. Nd6 Rxd6
39. exd6 Qxd6 40. Qg7 Qb4 41. Qe5+ Ka8 42. Rd4 Qc5 43. Rdd3 Qe7 44. Rxd5
Qxh4 45. Rd1 a6 46. Rf4 Qe7 47. Rc4 Nc6 48. Qg7 e5 49. b4 Re8 50. b5 axb5
51. axb5 Nd4 52. Rcxd4 exd4 53. Qxd4 Qe4 54. Ra1+ Kb8 55. Qd6+ 1-0

[Event "FIDE World Rapid Team"]
[Site "London ENG"]
[Date "2025.06.13"]
[Round "12.2"]
[White "Volkov, Leonid"]
[Black "Mihailidou, Magdalini"]
[Result "1-0"]
[WhiteElo "1833"]
[BlackElo "1822"]
[EventDate "2025.06.11"]
[Board "6"]

1. e4 e5 2. Nf3 Nc6 3. Bc4 Bc5 4. d3 Nf6 5. c3 a6 6. b4 Ba7 7. a4 d6 8. h3
h6 9. Qb3 Qe7 10. O-O g5 11. Be3 g4 12. hxg4 Bxg4 13. Nh2 Rg8 14. Bxa7 Rxa7
15. Nxg4 Nxg4 16. f3 Nf6 17. Qa2 Nh5 18. Rf2 Nd8 19. Qd2 Nf4 20. d4 Nh3+
21. Kf1 Nxf2 22. Qxf2 exd4 23. cxd4 Ra8 24. Nc3 c6 25. Re1 Ne6 26. d5 Nf4
27. dxc6 Rxg2 28. Qd4 bxc6 29. Qh8+ Qf8 30. Qf6 Qg8 31. Qxf4 Rg1+ 32. Ke2
Qg2+ 33. Kd1 Ra7 34. Rxg1 Qxg1+ 35. Kc2 Qd4 36. Kb3 Rb7 37. Qf5 Qb6 38. b5
axb5 39. axb5 Qc7 40. Qh7 Qe7 41. Qxh6 Kd7 42. Qh3+ Kc7 43. Qf5 Kb8 44. Kc2
Qh4 45. bxc6 Qf2+ 46. Be2 Rc7 47. Qb5+ Ka8 48. Nd5 Ra7 49. Nb6+ Kb8 50.
Nd5+ Kc8 51. c7 Ra2+ 52. Kb3 Qxe2 53. Qb8+ Kd7 54. c8=Q# 1-0

[Event "FIDE World Rapid Team"]
[Site "London ENG"]
[Date "2025.06.13"]
[Round "12.3"]
[White "Oro, Faustino"]
[Black "Samadov, Read"]
[Result "0-1"]
[WhiteElo "2457"]
[BlackElo "2464"]
[EventDate "2025.06.11"]
[Board "1"]

1. e4 c5 2. Nf3 d6 3. d4 cxd4 4. Nxd4 Nf6 5. Nc3 a6 6. Be3 e5 7. Nf3 Be7 8.
Bc4 O-O 9. Bb3 Nc6 10. Qe2 Na5 11. O-O Nxb3 12. axb3 Be6 13. Rfd1 Qc7 14.
Bg5 Rac8 15. Ne1 Ne8 16. Be3 f5 17. exf5 Rxf5 18. Nd5 Bxd5 19. Rxd5 Nf6 20.
Rdd1 h5 21. c4 Rf8 22. Nd3 d5 23. f3 e4 24. Ne1 exf3 25. Nxf3 Ng4 26. Bd4
Bc5 27. cxd5 Rxd5 28. Qe6+ Qf7 29. Qxf7+ Rxf7 30. Bxc5 Rxc5 31. h3 Ne5 32.
Ng5 Rd7 33. Rac1 g6 34. Rxc5 Rxd1+ 35. Kh2 Nc6 36. b4 Nxb4 37. Rc7 b5 38.
Kg3 Rd2 39. Ne6 Rxb2 40. Rg7+ Kh8 41. Rxg6 Nd3 42. Rh6+ Kg8 43. Rxh5 b4 44.
Ra5 b3 45. Rxa6 Ra2 46. Rb6 b2 47. Nf4 Ne5 48. Kh2 Nf3+ 49. Kg3 Nd2 50. Nd5
b1=Q 51. Rxb1 Nxb1 52. Kf3 Kf7 53. h4 Nd2+ 54. Kg4 Ne4 55. Kf3 Nf6 56. Ne3
Ra3 57. Kf4 Ra4+ 58. Kg3 Kg6 59. Nf1 Kh5 60. Kf3 Kxh4 61. g3+ Kg5 0-1

[Event "FIDE World Rapid Team"]
[Site "London ENG"]
[Date "2025.06.13"]
[Round "12.3"]
[White "Shogdzhiev, Roman"]
[Black "Ahmad, Khagan"]
[Result "1-0"]
[WhiteElo "2405"]
[BlackElo "2301"]
[EventDate "2025.06.11"]
[Board "2"]

1. e4 c5 2. Nf3 d6 3. d4 cxd4 4. Nxd4 Nf6 5. Nc3 a6 6. h3 e6 7. g4 Be7 8.
Be3 b5 9. g5 Nfd7 10. a3 Bb7 11. Rg1 Nc6 12. Nxc6 Bxc6 13. Qd4 O-O 14.
O-O-O Ne5 15. Be2 Bd7 16. h4 Rb8 17. h5 Nc6 18. Qd2 b4 19. axb4 Nxb4 20. g6
Qa5 21. Kb1 Bf6 22. Bg5 Bxc3 23. Qxc3 Qa2+ 24. Kc1 Rfc8 25. gxf7+ Kxf7 26.
Qf3+ Kg8 27. Kd2 Qxb2 28. Ke1 Rxc2 29. Bd2 Nc6 30. Qg3 Qf6 31. Bd3 Rxd2 32.
Rxd2 Ne5 33. Be2 Bb5 34. f4 Nf7 35. Bxb5 Rxb5 36. Ke2 Rxh5 37. Rc2 h6 38.
Qg6 Rh2+ 39. Kd3 Rh3+ 40. Ke2 Rh2+ 41. Kd3 Rh3+ 42. Ke2 Qxg6 43. Rxg6 e5
44. Rc8+ Kh7 45. f5 Rh2+ 46. Kd3 Rh3+ 47. Ke2 Rh2+ 48. Kd3 Rh3+ 49. Kc4 Rh5
50. Rc7 Kg8 51. Rc8+ Kh7 52. Rc7 Kg8 53. Kd5 a5 54. Rc8+ Kh7 55. Rc7 Kg8
56. Ke6 Ng5+ 57. Kxd6 Nxe4+ 58. Kxe5 Ng5 59. Rgxg7+ Kf8 60. Ra7 Rh2 61. f6
Re2+ 62. Kf5 Nf3 63. Ra8+ Re8 64. Rxe8+ Kxe8 65. Ra7 Nh4+ 66. Ke6 1-0

[Event "FIDE World Rapid Team"]
[Site "London ENG"]
[Date "2025.06.13"]
[Round "12.3"]
[White "Lu, Miaoyi"]
[Black "Sapenov, Daniyal"]
[Result "1/2-1/2"]
[WhiteElo "2240"]
[BlackElo "2325"]
[EventDate "2025.06.11"]
[Board "3"]

1. e4 e5 2. Nf3 Nc6 3. Bc4 Nf6 4. d4 exd4 5. e5 d5 6. Bb5 Nd7 7. O-O Be7 8.
Bxc6 bxc6 9. Nxd4 Nb8 10. Nc3 O-O 11. Qf3 Qd7 12. h3 a5 13. Re1 Ra6 14. Bf4
c5 15. Nde2 d4 16. Nd5 Bd8 17. Rad1 Bb7 18. c4 Qc8 19. Ng3 Rg6 20. Bd2 Nc6
21. Nf5 Re8 22. Qh5 Nb4 23. Bxb4 axb4 24. h4 Qe6 25. Nf4 Qc6 26. f3 Qd7 27.
e6 Rexe6 28. Nxe6 fxe6 29. Ne3 Qf7 30. Ng4 Bxf3 31. Rf1 Bxg4 32. Qxc5 Rf6
33. Qxd4 Bxd1 34. Qxd8+ Qf8 35. Rxd1 Rf1+ 36. Kh2 Rxd1 37. Qxd1 Qf4+ 38.
Kh3 Qxc4 39. Qd8+ Kf7 40. Qd7+ Kg6 41. Qe8+ Kh6 42. Qe7 Kg6 43. Qe8+ Kh6
44. Qe7 Kg6 45. Qe8+ Kh6 1/2-1/2

[Event "FIDE World Rapid Team"]
[Site "London ENG"]
[Date "2025.06.13"]
[Round "12.3"]
[White "Akhilbay, Imangali"]
[Black "Lohia, Sohum"]
[Result "1-0"]
[WhiteElo "2288"]
[BlackElo "2097"]
[EventDate "2025.06.11"]
[Board "4"]

1. d4 Nf6 2. Bf4 d5 3. Nc3 e6 4. Nb5 Na6 5. e3 Be7 6. Nf3 O-O 7. Be2 c6 8.
Nc3 c5 9. Nb5 Qa5+ 10. c3 c4 11. a4 Bd7 12. b4 cxb3 13. O-O Ne4 14. Qxb3
Rfc8 15. Rfc1 g5 16. Bg3 Nxg3 17. hxg3 Nc7 18. Ne5 Be8 19. c4 f6 20. Nf3
Qb4 21. Qa2 Bc6 22. a5 Nxb5 23. cxb5 Bd7 24. Rcb1 Qd6 25. Qd2 Rc7 26. Ne1
Rcc8 27. Nd3 Be8 28. Nc5 b6 29. Na6 Bg6 30. Bd3 Bd8 31. Bxg6 hxg6 32. axb6
axb6 33. Nb4 Kf7 34. Nc6 Be7 35. Qb2 Rh8 36. Rxa8 Rxa8 37. Ra1 Rxa1+ 38.
Qxa1 Qa3 39. Qb1 Bd6 40. Qc2 Qa1+ 41. Kh2 Qa8 42. e4 dxe4 43. Qxe4 Qh8+ 44.
Kg1 f5 45. Qe3 g4 46. Qg5 Bc7 47. Qe7+ Kg8 48. Qxc7 1-0

[Event "FIDE World Rapid Team"]
[Site "London ENG"]
[Date "2025.06.13"]
[Round "12.3"]
[White "Watson, Mikey J"]
[Black "Yildiz, Ali Aras"]
[Result "1/2-1/2"]
[WhiteElo "1914"]
[BlackElo "1835"]
[EventDate "2025.06.11"]
[Board "6"]

1. d4 d5 2. Nf3 Nf6 3. g3 e6 4. Bg2 Be7 5. c4 b6 6. Ne5 Bb7 7. O-O O-O 8.
Nc3 Nbd7 9. h3 c5 10. cxd5 exd5 11. Bf4 Rc8 12. dxc5 Nxc5 13. Nb5 a6 14.
Nd4 Ne6 15. Nxe6 fxe6 16. Nf3 Bd6 17. Be5 Ne4 18. Rc1 Rxc1 19. Qxc1 Bxe5
20. Nxe5 Qd6 21. Bxe4 Qxe5 22. Bf3 Rc8 23. Qd2 Rc5 24. Qb4 Qc7 25. Qg4 Qd6
26. Rd1 Rc2 27. Be4 Rc7 1/2-1/2

[Event "FIDE World Rapid Team"]
[Site "London ENG"]
[Date "2025.06.13"]
[Round "12.4"]
[White "Ghasi, Ameet K"]
[Black "Harvey, Marcus R"]
[Result "1-0"]
[WhiteElo "2483"]
[BlackElo "2460"]
[EventDate "2025.06.11"]
[Board "1"]

1. Nf3 Nf6 2. g3 b6 3. Bg2 Bb7 4. d3 d5 5. O-O g6 6. Nbd2 c5 7. e4 dxe4 8.
dxe4 Nc6 9. e5 Ng4 10. e6 f6 11. c3 Qc8 12. Qa4 Qxe6 13. Re1 Qd7 14. h3
Nge5 15. Nxe5 fxe5 16. Ne4 O-O-O 17. Ng5 e6 18. Be3 Na5 19. Bxb7+ Kxb7 20.
Qe4+ Qd5 21. Qg4 h5 22. Qe2 Re8 23. Rad1 Qc6 24. Nf7 Rh7 25. Nxe5 Qe4 26.
Qb5 Rc8 27. Bf4 Qf5 28. h4 a6 29. Qe2 Ka7 30. Nf3 Re7 31. Bd6 Rd7 32. Bb8+
Kxb8 33. Rxd7 Nc6 34. Ng5 Rc7 35. Rxc7 Kxc7 36. Qxe6 Bd6 37. Qxf5 gxf5 38.
Ne6+ Kd7 39. Ng7 Ne5 40. Re2 f4 41. Nxh5 f3 42. Re3 c4 43. Nf4 Ng4 44. Rxf3
Bc5 45. Kg2 Ne5 46. h5 Nxf3 47. Kxf3 Ke7 48. h6 1-0

[Event "FIDE World Rapid Team"]
[Site "London ENG"]
[Date "2025.06.13"]
[Round "12.4"]
[White "Wadsworth, Matthew J"]
[Black "Roberson, Peter T"]
[Result "0-1"]
[WhiteElo "2367"]
[BlackElo "2372"]
[EventDate "2025.06.11"]
[Board "2"]

1. Nf3 d5 2. g3 g6 3. Bg2 Bg7 4. d4 c6 5. O-O Nf6 6. c4 dxc4 7. a4 Ne4 8.
Nc3 Nd6 9. e4 a5 10. Be3 Na6 11. Qd2 h5 12. h4 Nb4 13. Ne5 Be6 14. Rad1 Qc7
15. f4 Rd8 16. Qf2 Qc8 17. Kh2 Bg4 18. Rd2 Nd3 19. Nxd3 cxd3 20. Rxd3 Nc4
21. Bc1 O-O 22. b3 Nd6 23. Ba3 Qe6 24. Rb1 b5 25. axb5 cxb5 26. d5 Qd7 27.
Nd1 b4 28. Bb2 Qb5 29. Rd2 Bxb2 30. Rbxb2 Rc8 31. Ne3 Rc3 32. Nxg4 hxg4 33.
f5 Qc5 34. Qf4 a4 35. Qxg4 Kg7 36. Rf2 axb3 37. fxg6 fxg6 38. Rxf8 Kxf8 39.
Qxg6 Rc2 40. e5 Rxb2 41. Qh6+ Ke8 42. Qh8+ Kd7 43. e6+ Kc7 44. Qxb2 Qc3 45.
Qf2 Kb7 46. Qf8 Qc7 47. Qg7 b2 48. Qxb2 Qc3 49. Qf2 b3 50. Qf8 b2 51. Qxe7+
Qc7 0-1